000 00620nam a2200217Ia 4500
005 20250508170014.0
008 008 250505s9999 xx 000 0 eng d
020 _a978-1-5225-3111-1
037 _aTextual
040 _aFEDL
_beng
_cFEDL
041 _aeng
_2eng
084 _a370.7, RAS
_qFEDL
100 _aRashmi Kumar Ed.
_9782692
245 0 _aTeacher education in the 21st century
260 _aNew Delhi, India
_bSage
_c2018
300 _axxvii, 227p.
365 _aINR
_b295
700 _a Subhash Chander Ed. Bharti Ed.
_9782693
942 _cTEXL
_h370.7, RAS
999 _c1398635
_d1398635